000 00643nam a2200229Ia 4500
003 OSt
005 20220926033857.0
006 a|||||r|||| 00| 0
007 ta
008 220923b |||||||| |||| 00| 0 eng d
020 _a8186118012
037 _cGeneral Book
040 _aRTL
_cRTL
_beng
041 _2eng
_aeng
082 _aU43.2.N9, N4
100 _aSingh H H & Others Ed.
_9339662
245 0 _aPatterns of urban change in India
260 _aVaranasi
_bIndrasini Devi India
_c1994
300 _axviii, 260p
_ccm.
942 _hU43.2.N9, N4
_cGB
_2CC
999 _c658167
_d658167